书目信息 |
| 题名: |
Linux安装与配置指南
|
|
| 作者: | 高鹏 编著 | |
| 分册: | ||
| 出版信息: | 北京 清华大学出版社 1999.04 |
|
| 页数: | 251页 | |
| 开本: | 16开 | |
| 丛书名: | ||
| 单 册: | ||
| 中图分类: | TP316.81 | |
| 科图分类: | ||
| 主题词: | 软件 | |
| 电子资源: | ||
| ISBN: | 7-302-03473-7 | |
| 000 | 00571nam0 2200205 45 | |
| 001 | 0005161683 | |
| 005 | 20001009102426.6 | |
| 010 | @a7-302-03473-7@d24.00元 | |
| 100 | @a20000516d1999 km y0chiy0120 ea | |
| 101 | @achi | |
| 105 | @a z 000yy | |
| 200 | 1 | @aLinux安装与配置指南@ALinux An Zhuang Yu Pei Zhi Zhi Nan@f高鹏编著@FGao Peng Bian Zhu |
| 205 | @a1 | |
| 210 | @a北京@c清华大学出版社@d1999.04 | |
| 215 | @a251页@d16开 | |
| 606 | 0 | @a软件 |
| 690 | @aTP316.81@v3 | |
| 701 | @a高鹏@4编著 | |
| 801 | @aCN@bPftUser@c20000516 | |
| 905 | @dTP316.81@eG.275/1@b61367@f1 | |
| Linux安装与配置指南/高鹏编著.-1.-北京:清华大学出版社,1999.04 |
| 251页;16开 |
| ISBN 7-302-03473-7:24.00元 |
| ● |
| 相关链接 |
|
|
|
正题名:Linux安装与配置指南
索取号:TP316.81/G.275/1
 
预约/预借
| 序号 | 登录号 | 条形码 | 馆藏地/架位号 | 状态 | 备注 |